书目信息 |
| 题名: |
全球金融危机与世界经济新格局
|
|
| 作者: | 白宇飞 著 | |
| 分册: | ||
| 出版信息: | 北京 企业管理出版社 2009.10 |
|
| 页数: | 171页 | |
| 开本: | 24cm | |
| 丛书名: | ||
| 单 册: | ||
| 中图分类: | F831.59 , F113 | |
| 科图分类: | ||
| 主题词: | 金融危机--研究--世界 , 世界经济--研究 , 金融危机 , 世界经济 | |
| 电子资源: | ||
| ISBN: | 978-7-80255-315-6 | |
| 000 | 01149nam0 2200301 45 | |
| 001 | 516 | |
| 005 | 20120531161930.29 | |
| 010 | @a978-7-80255-315-6@dCNY32.00 | |
| 100 | @a20120328d2009 em y0chiy0110 ea | |
| 101 | 0 | @achi |
| 102 | @aCN@b110000 | |
| 105 | @ay z 000yy | |
| 106 | @ar | |
| 200 | 1 | @a全球金融危机与世界经济新格局@AQuan Qiu Jin Rong Wei Ji Yu Shi Jie Jing Ji Xin Ge Ju@d= The global financial crisis and a new pattern of world economy@f白宇飞著@FBai Yu Fei Zhu@zeng |
| 210 | @a北京@c企业管理出版社@d2009.10 | |
| 215 | @a171页@d24cm | |
| 300 | @a北京市属市管高校人才强教计划资助项目 | |
| 330 | @a本书对次贷危机及其向金融危机的演变过程作了详尽的讲述,重点研究了金融危机对世界主要经济体造成的具体冲击,对后危机时代的国际金融秩序变革和世界经济发展趋势作了方向性预测。 | |
| 510 | 1 | @aGlobal financial crisis and a new pattern of world economy@zeng |
| 606 | 0 | @a金融危机@x研究@y世界 |
| 606 | 0 | @a世界经济@x研究 |
| 606 | 0 | @a金融危机 |
| 606 | 0 | @a世界经济 |
| 690 | @aF831.59@v4 | |
| 690 | @aF113@v4 | |
| 701 | 0 | @a白宇飞@ABai Yu Fei@f(1980~)@4著 |
| 801 | 0 | @aCN@bTSTCL@c20120328 |
| 905 | @b0813685-91@dF831.59@e50@f7 | |
| 全球金融危机与世界经济新格局= The global financial crisis and a new pattern of world economy/白宇飞著.-北京:企业管理出版社,2009.10 |
| 171页;24cm |
| 北京市属市管高校人才强教计划资助项目 |
| ISBN 978-7-80255-315-6:CNY32.00 |
| 本书对次贷危机及其向金融危机的演变过程作了详尽的讲述,重点研究了金融危机对世界主要经济体造成的具体冲击,对后危机时代的国际金融秩序变革和世界经济发展趋势作了方向性预测。 |
| ● |
| 相关链接 |
|
|
|
|
正题名:全球金融危机与世界经济新格局
索取号:F831.59/50
 
预约/预借
| 序号 | 登录号 | 条形码 | 馆藏地/架位号 | 状态 | 备注 |
| 1 | 0813685 | 208136854 | 第一样本阅览室/ [索取号:F831.59/50] | 在馆 | |
| 2 | 0813686 | 208136863 | 第一借阅区/ [索取号:F831.59/50] | 在馆 | |
| 3 | 0813687 | 208136872 | 第一借阅区/ [索取号:F831.59/50] | 在馆 | |
| 4 | 0813688 | 208136881 | 第一借阅区/ [索取号:F831.59/50] | 在馆 | |
| 5 | 0813689 | 208136890 | 第一借阅区/ [索取号:F831.59/50] | 在馆 | |
| 6 | 0813690 | 208136907 | 第一借阅区/ [索取号:F831.59/50] | 在馆 | |
| 7 | 0813691 | 208136916 | 第一借阅区/ [索取号:F831.59/50] | 在馆 |